00721nam a2200205 a 450000100100000000500170001000800410002704000250006808200200009310000460011324500580015926000360021730000210025365000270027465000310030191000390033204900090037195201180038099900170049800001523720240530073917.0100203s1972 dr 000 f spa d aDO-SdBNPbspacBNPHU aRD864.44bC762v1 aContín, Silvestre Emilio,d1904-93448514aLos violentos: (historia de Bernardo Rod... Paiardo). aSanto Domingo :b[s.n.],c1972. a113 p. ;c23 cm. 0aNovela dominicana9223 0aLiteratura dominicana.967 aValidado. Control de calidad BNPHU aBNPD 0010718PDaPDbPDcHDd2010-02-03iLF1l0oRD863.44 C762vp15237-10r2020-06-25w2020-06-25yLFPDZNo se presta c14806d14806